Statistics for Top 20 European Countries by Obesity Rate

Click here to take the quiz!

General Stats

  • This quiz has been taken 201 times
  • The average score is 16 of 20

Answer Stats

#%Country% Correct
124.5%United Kingdom
98%
1615.2%Spain
96%
1813.8%Germany
95%
223%Ireland
93%
1515.4%Portugal
89%
1913.6%Poland
88%
818%Greece
88%
1714.9%Belgium
84%
2012.4%Austria
83%
618.8%Lithuania
81%
718.1%Hungary
81%
1116.9%Latvia
81%
917.1%Estonia
80%
1216.4%Slovakia
77%
1315.7%Finland
76%
420.1%Iceland
72%
519.7%Luxembourg
69%
1016.9%Czech Republic
68%
322.3%Malta
68%
1415.6%Cyprus
53%

Score Distribution

Percentile by Number Answered

Percent of People with Each Score

Your Score History

You have not taken this quiz